[Event "Deltalift op"]
[Site "Tylosand"]
[Date "2022.05.28"]
[Round "7"]
[White "Strom Engdahl, Alexander"]
[Black "Holst, Conny"]
[Result "1/2-1/2"]
[WhiteElo "2049"]
[BlackElo "2181"]
[PlyCount "39"]
[EventDate "2022.05.26"]
[EventType "swiss"]
[EventRounds "8"]
[EventCountry "SWE"]
[SourceTitle "CBM 208 Extra"]
[Source "ChessBase"]
[SourceDate "2022.07.31"]
[SourceVersion "1"]
[SourceVersionDate "2022.07.31"]
[SourceQuality "1"]

1. c4 Nf6 2. Nc3 e5 3. g3 Bb4 4. Nd5 Nxd5 5. cxd5 0-0 6. Bg2 Re8 7. e3 c6 8. a3 Bf8 9. Qb3 d6 10. Ne2 c5 11. 0-0 Nd7 12. d3 g6 13. Bd2 f5 14. Qc2 Bg7 15. Rab1 b6 16. Qa4 Nf6 17. b4 Bd7 18. Qb3 Rb8 19. bxc5 bxc5 20. Qc4 1/2-1/2

[Event "Deltalift op"]
[Site "Tylosand"]
[Date "2022.05.26"]
[Round "4"]
[White "Holst, Conny"]
[Black "Ziegler, Ari"]
[Result "1-0"]
[WhiteElo "2181"]
[BlackElo "2327"]
[PlyCount "93"]
[EventDate "2022.05.26"]
[EventType "swiss"]
[EventRounds "8"]
[EventCountry "SWE"]
[SourceTitle "CBM 208 Extra"]
[Source "ChessBase"]
[SourceDate "2022.07.31"]
[SourceVersion "1"]
[SourceVersionDate "2022.07.31"]
[SourceQuality "1"]

1. d4 Nf6 2. Nf3 e6 3. c4 b6 4. g3 Ba6 5. Qc2 Bb7 6. Bg2 c5 7. 0-0 cxd4 8. Nxd4 Bxg2 9. Kxg2 Qc8 10. b3 a6 11. Bb2 h5 12. Nf3 Be7 13. Nc3 Qb7 14. h4 d6 15. Rad1 Nbd7 16. Kg1 Rc8 17. Qd2 b5 18. cxb5 axb5 19. Qd3 b4 20. Qb5 Qxb5 21. Nxb5 d5 22. Rc1 0-0 23. Rxc8 Rxc8 24. Rc1 Rxc1+ 25. Bxc1 Bc5 26. Bb2 Ne4 27. e3 Ndf6 28. Ne5 Ne8 29. Nd3 Be7 30. Kf1 g6 31. Ke2 f6 32. Nd4 Kf7 33. Nc6 Nc3+ 34. Bxc3 bxc3 35. Nxe7 Kxe7 36. Kd1 g5 37. Kc2 gxh4 38. gxh4 Nd6 39. Kxc3 e5 40. a4 Kd7 41. f4 d4+ 42. exd4 exd4+ 43. Kxd4 Nf5+ 44. Ke4 Nxh4 45. f5 Kc6 46. b4 Kb6 47. Nf4 1-0

[Event "SWE-chT 1920 Elite"]
[Site "Sweden"]
[Date "2020.10.20"]
[Round "9.1"]
[White "Wenzel, Birger"]
[Black "Holst, Conny"]
[Result "0-1"]
[WhiteElo "2055"]
[BlackElo "2163"]
[PlyCount "56"]
[EventDate "2019.10.18"]
[EventType "team-tourn"]
[EventRounds "9"]
[EventCountry "SWE"]
[SourceTitle "EXT 2022"]
[Source "ChessBase"]
[SourceDate "2021.10.06"]
[SourceVersion "1"]
[SourceVersionDate "2021.10.06"]
[SourceQuality "1"]
[WhiteTeam "Wasa"]
[BlackTeam "Limhamn"]
[WhiteTeamCountry "SWE"]
[BlackTeamCountry "SWE"]

1. c4 Nf6 2. g3 e5 3. Bg2 h6 4. Nf3 e4 5. Nd4 Nc6 6. Nc2 Ne5 7. b3 d6 8. Nc3 Bf5 9. 0-0 c6 10. Bb2 Be7 11. c5 0-0 12. Ne3 Bg6 13. Na4 Ned7 14. cxd6 Bxd6 15. Rc1 Re8 16. Bh3 Be5 17. Ba3 Nb6 18. Nc5 Qc7 19. Rc2 Rad8 20. Qc1 Kh7 21. Nf5 Qc8 22. f4 Bd4+ 23. Nxd4 Qxh3 24. e3 Ng4 25. d3 exd3 26. f5 dxc2 27. fxg6+ fxg6 28. Qxc2 Qxf1+ 0-1

[Event "SWE-chT 1920 Elite"]
[Site "Sweden"]
[Date "2020.10.18"]
[Round "7.5"]
[White "Fraenkel, Mikael Andersson"]
[Black "Holst, Conny"]
[Result "0-1"]
[WhiteElo "2040"]
[BlackElo "2163"]
[PlyCount "62"]
[EventDate "2019.10.18"]
[EventType "team-tourn"]
[EventRounds "9"]
[EventCountry "SWE"]
[SourceTitle "EXT 2022"]
[Source "ChessBase"]
[SourceDate "2021.10.06"]
[SourceVersion "1"]
[SourceVersionDate "2021.10.06"]
[SourceQuality "1"]
[WhiteTeam "Burgsvik Alva"]
[BlackTeam "Limhamn"]
[WhiteTeamCountry "SWE"]
[BlackTeamCountry "SWE"]

1. e4 c5 2. Nf3 d6 3. d4 cxd4 4. Nxd4 Nf6 5. Nc3 Nc6 6. Bc4 Bd7 7. f3 g6 8. Be3 Bg7 9. Qd2 Rc8 10. Bb3 0-0 11. 0-0-0 Na5 12. Bg5 a6 13. Rhe1 b5 14. Nd5 Nxb3+ 15. axb3 Nxd5 16. exd5 Re8 17. Re2 Rc5 18. Nc6 Bxc6 19. dxc6 Rxc6 20. Rde1 Rc7 21. h4 d5 22. Qb4 f6 23. Be3 Rd7 24. c3 e5 25. h5 gxh5 26. Qh4 Qa5 27. Qxh5 Rc8 28. Rh1 d4 29. Qxh7+ Kf8 30. Bd2 d3 31. Ree1 Qa1# 0-1

[Event "Wch Seniors 50 29th"]
[Site "Bucharest"]
[Date "2019.11.20"]
[Round "8"]
[White "Holst, Conny"]
[Black "Kirppo, Ronny"]
[Result "1/2-1/2"]
[WhiteElo "2139"]
[BlackElo "1901"]
[PlyCount "31"]
[EventDate "2019.11.12"]
[EventType "swiss"]
[EventRounds "11"]
[EventCountry "ROU"]
[SourceTitle "CBM 193 Extra"]
[Source "ChessBase"]
[SourceDate "2020.01.31"]
[SourceVersion "1"]
[SourceVersionDate "2020.01.31"]
[SourceQuality "1"]

1. d4 Nf6 2. c4 e6 3. Nc3 Bb4 4. e3 b6 5. Bd3 Bb7 6. Nf3 Ne4 7. 0-0 Bxc3 8. bxc3 Nxc3 9. Qc2 Bxf3 10. gxf3 Qg5+ 11. Kh1 Qh5 12. Rg1 Qxf3+ 13. Rg2 f5 14. Qxc3 Qd1+ 15. Rg1 Qf3+ 16. Rg2 1/2-1/2

[Event "Wch Seniors 50 29th"]
[Site "Bucharest"]
[Date "2019.11.15"]
[Round "4"]
[White "Holst, Conny"]
[Black "Berend, Fred"]
[Result "0-1"]
[WhiteElo "2139"]
[BlackElo "2342"]
[PlyCount "90"]
[EventDate "2019.11.12"]
[EventType "swiss"]
[EventRounds "11"]
[EventCountry "ROU"]
[SourceTitle "CBM 193 Extra"]
[Source "ChessBase"]
[SourceDate "2020.01.31"]
[SourceVersion "1"]
[SourceVersionDate "2020.01.31"]
[SourceQuality "1"]

1. d4 Nf6 2. c4 e6 3. Nc3 Bb4 4. e3 0-0 5. Bd3 d5 6. Nge2 dxc4 7. Bxc4 c5 8. 0-0 cxd4 9. exd4 Nc6 10. Bg5 Be7 11. Rc1 b6 12. Qa4 Na5 13. Bd3 Bb7 14. Rfd1 Rc8 15. f3 h6 16. Bh4 a6 17. Qc2 b5 18. Qd2 Nc4 19. Bxc4 Rxc4 20. b3 Rc7 21. Bg3 Rd7 22. Be5 Qb6 23. Kh1 Rfd8 24. Qf4 Ne8 25. Qg4 Bg5 26. Rb1 Rc8 27. d5 f5 28. Qh3 b4 29. Bd4 Qd6 30. dxe6 Qxe6 31. Ne4 Bxe4 32. fxe4 Qxe4 33. Ng3 Qg4 34. Nxf5 Qxh3 35. gxh3 Rcd8 36. h4 Bf6 37. Nxh6+ Kh7 38. Nf7 Rxf7 39. Bc5 Rxd1+ 40. Rxd1 Bc3 41. Kg2 Rf5 42. Bb6 Nf6 43. Rc1 Nd5 44. Bd8 Nf4+ 45. Kh1 Nd3 0-1

[Event "Wch Seniors 50 29th"]
[Site "Bucharest"]
[Date "2019.11.14"]
[Round "3"]
[White "Verciuc, Nicolae"]
[Black "Holst, Conny"]
[Result "0-1"]
[WhiteElo "1878"]
[BlackElo "2139"]
[PlyCount "96"]
[EventDate "2019.11.12"]
[EventType "swiss"]
[EventRounds "11"]
[EventCountry "ROU"]
[SourceTitle "CBM 193 Extra"]
[Source "ChessBase"]
[SourceDate "2020.01.31"]
[SourceVersion "1"]
[SourceVersionDate "2020.01.31"]
[SourceQuality "1"]

1. Nf3 Nf6 2. c4 e6 3. Nc3 Bb4 4. g3 0-0 5. Bg2 d6 6. 0-0 Bxc3 7. bxc3 e5 8. d3 h6 9. e4 Nbd7 10. h3 Nc5 11. Nh4 c6 12. Ba3 Qa5 13. Bb4 Qb6 14. Qc2 Re8 15. g4 Qd8 16. Nf5 Bxf5 17. exf5 Na6 18. Ba3 d5 19. cxd5 Nxd5 20. Bc1 Nc5 21. d4 exd4 22. cxd4 Na6 23. Rb1 Qd7 24. Rd1 f6 25. Bf1 b5 26. a4 Nac7 27. Qc5 a6 28. Bd2 bxa4 29. Rb7 Rab8 30. Bxa6 Nxa6 31. Rxd7 Nxc5 32. dxc5 a3 33. Ra7 Ra8 34. Rxa8 Rxa8 35. Ra1 Nc7 36. Ra2 Nb5 37. Kf1 Ra4 38. Ke1 Rc4 39. Be3 Rb4 40. Bc1 Rb3 41. h4 Rb4 42. f4 Kf8 43. Kf2 Rb3 44. h5 Ke8 45. Re2+ Kd7 46. Ra2 Rh3 47. Bd2 Kc8 48. Ke2 Nc3+ 0-1

[Event "Nordic-ch Seniors"]
[Site "Sarpsborg"]
[Date "2019.06.25"]
[Round "7"]
[White "Eriksson, Kristian"]
[Black "Holst, Conny"]
[Result "1/2-1/2"]
[WhiteElo "2111"]
[BlackElo "2197"]
[PlyCount "31"]
[EventDate "2019.06.21"]
[EventType "swiss"]
[EventRounds "9"]
[EventCountry "NOR"]
[SourceTitle "EXT 2020"]
[Source "ChessBase"]
[SourceDate "2019.10.17"]
[SourceVersion "1"]
[SourceVersionDate "2019.10.17"]
[SourceQuality "1"]

1. e4 c5 2. Nf3 d6 3. d4 cxd4 4. Nxd4 Nf6 5. Nc3 Nc6 6. Bc4 Bd7 7. Bb3 g6 8. f3 Bg7 9. Be3 Rc8 10. Qd2 Ne5 11. 0-0-0 Nc4 12. Bxc4 Rxc4 13. Kb1 Qa5 14. Nb3 Qc7 15. Bd4 Bc6 16. g4 1/2-1/2

[Event "Nordic-ch Seniors"]
[Site "Sarpsborg"]
[Date "2019.06.24"]
[Round "6"]
[White "Holst, Conny"]
[Black "Rukovci, Shemsi"]
[Result "1-0"]
[WhiteElo "2197"]
[BlackElo "1907"]
[PlyCount "120"]
[EventDate "2019.06.21"]
[EventType "swiss"]
[EventRounds "9"]
[EventCountry "NOR"]
[SourceTitle "EXT 2020"]
[Source "ChessBase"]
[SourceDate "2019.10.17"]
[SourceVersion "1"]
[SourceVersionDate "2019.10.17"]
[SourceQuality "1"]

1. d4 d5 2. c4 e6 3. Nc3 Nf6 4. Bg5 Be7 5. e3 Nbd7 6. Qc2 0-0 7. Rd1 Re8 8. Nf3 c6 9. Bd3 Nf8 10. Ne5 N6d7 11. Bxe7 Qxe7 12. f4 Nxe5 13. fxe5 Qg5 14. Qf2 Ng6 15. h4 Qe7 16. h5 Nf8 17. 0-0 Nd7 18. Qg3 Rf8 19. Rf4 f5 20. exf6 Nxf6 21. Rdf1 Bd7 22. Qg5 dxc4 23. Bxc4 Nd5 24. Qxe7 Nxe7 25. Ne4 Rxf4 26. Rxf4 Nd5 27. Rf3 Rf8 28. Kf2 Rxf3+ 29. Kxf3 Kf8 30. Nc5 Bc8 31. e4 Nc7 32. Kf4 b6 33. Nd3 Ba6 34. Bxa6 Nxa6 35. a3 Ke7 36. g4 Nc7 37. g5 Nb5 38. Ke3 Nd6 39. Ne5 c5 40. dxc5 bxc5 41. Kd3 a6 42. a4 Ne8 43. Kc4 Nd6+ 44. Kxc5 Nxe4+ 45. Kb6 Nxg5 46. b4 Ne4 47. Kxa6 Kd6 48. Ng4 Kc7 49. a5 Nd6 50. b5 Kb8 51. Ne5 g5 52. Kb6 g4 53. Kc6 Nb7 54. a6 Na5+ 55. Kb6 Nb3 56. Nd7+ Ka8 57. a7 g3 58. Ka6 Nc5+ 59. Nxc5 g2 60. b6 g1Q 1-0

[Event "Nordic-ch Seniors"]
[Site "Sarpsborg"]
[Date "2019.06.23"]
[Round "4"]
[White "Holst, Conny"]
[Black "Andersen, Harry"]
[Result "1-0"]
[WhiteElo "2197"]
[BlackElo "1905"]
[PlyCount "91"]
[EventDate "2019.06.21"]
[EventType "swiss"]
[EventRounds "9"]
[EventCountry "NOR"]
[SourceTitle "EXT 2020"]
[Source "ChessBase"]
[SourceDate "2019.10.17"]
[SourceVersion "1"]
[SourceVersionDate "2019.10.17"]
[SourceQuality "1"]

1. d4 Nf6 2. c4 g6 3. Nc3 d5 4. cxd5 Nxd5 5. e4 Nxc3 6. bxc3 Bg7 7. Nf3 c5 8. Be3 Nc6 9. Be2 0-0 10. 0-0 cxd4 11. cxd4 Bg4 12. d5 Ne5 13. Nxe5 Bxe2 14. Qxe2 Bxe5 15. Rac1 a6 16. f4 Bg7 17. Rfd1 Rc8 18. Rxc8 Qxc8 19. Rc1 Qd7 20. Qc4 Bb2 21. Rc2 Ba1 22. h3 Qd6 23. e5 Qa3 24. Kf2 Qa5 25. Qb3 Qb5 26. Qxb5 axb5 27. Rc7 Rd8 28. Rxe7 Rxd5 29. Rxb7 Bd4 30. Kf3 Bxe3 31. Kxe3 Rc5 32. Rd7 g5 33. g3 gxf4+ 34. gxf4 Rc1 35. Ke4 Kg7 36. Kf5 Re1 37. Rb7 Re2 38. a3 Re3 39. h4 h6 40. h5 Rh3 41. e6 Rxh5+ 42. Kg4 Rc5 43. Rxf7+ Kg8 44. f5 Rc3 45. Rb7 Rxa3 46. Rb8+ 1-0

[Event "Deltalift op"]
[Site "Tylosand"]
[Date "2019.05.31"]
[Round "6"]
[White "Nilsson, Eskil"]
[Black "Holst, Conny"]
[Result "0-1"]
[WhiteElo "1991"]
[BlackElo "2197"]
[PlyCount "154"]
[EventDate "2019.05.30"]
[EventType "swiss"]
[EventRounds "8"]
[EventCountry "SWE"]
[SourceTitle "CBM 190 Extra"]
[Source "ChessBase"]
[SourceDate "2019.07.15"]
[SourceVersion "1"]
[SourceVersionDate "2019.07.15"]
[SourceQuality "1"]

1. e4 c5 2. Nf3 d6 3. Bb5+ Nc6 4. 0-0 e5 5. c3 f5 6. exf5 Bxf5 7. d4 e4 8. Re1 Be7 9. d5 a6 10. dxc6 axb5 11. cxb7 Rb8 12. Qd5 Bg6 13. Ng5 Nf6 14. Qb3 Qd7 15. a4 h6 16. Nh3 bxa4 17. Qxa4 Qxa4 18. Rxa4 Rxb7 19. Ra8+ Bd8 20. Bf4 Rd7 21. Nd2 0-0 22. Nc4 Be7 23. Ra6 Rfd8 24. Rd1 Bf5 25. f3 exf3 26. Ne3 Bxh3 27. gxh3 Nh5 28. Bg3 Nxg3 29. hxg3 d5 30. Nf5 Bf8 31. Rd3 Rb8 32. b4 cxb4 33. cxb4 Bxb4 34. Rxf3 Bc5+ 35. Kf1 Rdb7 36. Ra2 Rb1+ 37. Ke2 Rh1 38. Rd2 Rh2+ 39. Kd1 Rxh3 40. Kc2 Rd8 41. Kd3 Ra8 42. Rc2 Ra3+ 43. Rc3 Rxc3+ 44. Kxc3 g6 45. Nh4 Kg7 46. Kd3 Be7 47. Ng2 Bd6 48. Kd4 Rxg3 49. Rxg3 Bxg3 50. Kxd5 Kf6 51. Ke4 Kg5 52. Kf3 Bb8 53. Ne3 Kh4 54. Kg2 Ba7 55. Nd5 g5 56. Nf6 h5 57. Nd7 Bd4 58. Nf8 g4 59. Ne6 Be5 60. Nc5 Kg5 61. Nd3 Kf5 62. Nf2 Bd4 63. Nd3 Ke4 64. Nc1 Be3 65. Ne2 h4 66. Nc3+ Kf5 67. Nd5 Bc5 68. Nc3 h3+ 69. Kh2 Bd6+ 70. Kg1 g3 71. Ne2 Bc5+ 72. Kh1 g2+ 73. Kh2 Kg4 74. Nd4 Bd6+ 75. Kg1 Kf4 76. Ne2+ Ke4 77. Ng3+ Kd3 0-1

[Event "Deltalift op"]
[Site "Tylosand"]
[Date "2019.05.30"]
[Round "1"]
[White "Holst, Conny"]
[Black "Westergren, Bertil"]
[Result "1/2-1/2"]
[WhiteElo "2197"]
[BlackElo "1865"]
[PlyCount "63"]
[EventDate "2019.05.30"]
[EventType "swiss"]
[EventRounds "8"]
[EventCountry "SWE"]
[SourceTitle "CBM 190 Extra"]
[Source "ChessBase"]
[SourceDate "2019.07.15"]
[SourceVersion "1"]
[SourceVersionDate "2019.07.15"]
[SourceQuality "1"]

1. d4 d5 2. c4 dxc4 3. Nf3 Nf6 4. e3 a6 5. Bxc4 b5 6. Bb3 e6 7. 0-0 c5 8. a4 Bb7 9. axb5 axb5 10. Rxa8 Bxa8 11. Qe2 c4 12. Bc2 Be7 13. b3 Qc7 14. bxc4 bxc4 15. Ne5 0-0 16. Qxc4 Qb7 17. f3 Rc8 18. Qd3 g6 19. Ba3 Bxa3 20. Nxa3 Nc6 21. Rb1 Qe7 22. Nxc6 Bxc6 23. Nc4 Nd5 24. Nb6 Rb8 25. Nxd5 Rxb1+ 26. Bxb1 exd5 27. e4 Qb4 28. h3 Bb5 29. Qd1 Ba4 30. Qd3 Bb5 31. Qd1 Ba4 32. Qd3 1/2-1/2

[Event "Norrkoeping Easter op"]
[Site "Norrkoeping"]
[Date "2019.04.19"]
[Round "3"]
[White "Holst, Conny"]
[Black "Hillarp Persson, Tiger"]
[Result "0-1"]
[WhiteElo "2185"]
[BlackElo "2563"]
[PlyCount "56"]
[EventDate "2019.04.19"]
[EventType "swiss"]
[EventRounds "8"]
[EventCountry "SWE"]
[SourceTitle "CBM 189 Extra"]
[Source "ChessBase"]
[SourceDate "2019.06.03"]
[SourceVersion "1"]
[SourceVersionDate "2019.06.03"]
[SourceQuality "1"]

1. d4 g6 2. c4 Bg7 3. Nc3 e6 4. e4 Ne7 5. Nf3 d5 6. Be2 dxe4 7. Nxe4 h6 8. 0-0 Nbc6 9. Qd3 Nxd4 10. Nxd4 Qxd4 11. Qf3 f5 12. Nc3 c6 13. Qg3 0-0 14. Be3 Qf6 15. Bc5 e5 16. Bxe7 Qxe7 17. Qxg6 Be6 18. Rad1 Rae8 19. Qg3 Rd8 20. Qe3 Qb4 21. a3 Qxb2 22. Rb1 Qxa3 23. Rxb7 Rf7 24. Rbb1 e4 25. Bh5 Rfd7 26. Rfd1 Qxc3 27. Rxd7 Rxd7 28. Qf4 Qe5 0-1

[Event "EU-ch Seniors 50 18th"]
[Site "Drammen"]
[Date "2018.08.05"]
[Round "2"]
[White "Voll, Oddvar U"]
[Black "Holst, Conny"]
[Result "1/2-1/2"]
[WhiteElo "1907"]
[BlackElo "2147"]
[PlyCount "56"]
[EventDate "2018.08.04"]
[EventType "swiss"]
[EventRounds "9"]
[EventCountry "NOR"]
[SourceTitle "CBM 185 Extra"]
[Source "ChessBase"]
[SourceDate "2018.07.29"]
[SourceVersion "1"]
[SourceVersionDate "2018.07.29"]
[SourceQuality "1"]

1. e4 c5 2. c3 Nf6 3. e5 Nd5 4. Nf3 e6 5. d4 cxd4 6. cxd4 d6 7. Nc3 Nc6 8. exd6 Bxd6 9. Bd3 h6 10. 0-0 0-0 11. Re1 Bd7 12. a3 Rc8 13. Bb1 Nf6 14. Qd3 Ne7 15. Ne5 Bc6 16. Qh3 Nf5 17. Bxf5 exf5 18. Nxc6 Rxc6 19. Qxf5 Bc7 20. Be3 Ba5 21. Rac1 Rd6 22. Red1 Bb6 23. d5 Bxe3 24. fxe3 Qb6 25. Qf4 Rfd8 26. Kh1 g5 27. Qf5 Qxe3 28. h3 a6 1/2-1/2

[Event "Deltalift op"]
[Site "Tylosand"]
[Date "2018.05.12"]
[Round "7"]
[White "Lindhe, Magnus"]
[Black "Holst, Conny"]
[Result "1/2-1/2"]
[WhiteElo "2170"]
[BlackElo "2087"]
[PlyCount "46"]
[EventDate "2018.05.10"]
[EventType "swiss"]
[EventRounds "8"]
[EventCountry "SWE"]
[SourceTitle "CBM 184 Extra"]
[Source "ChessBase"]
[SourceDate "2018.06.28"]
[SourceVersion "1"]
[SourceVersionDate "2018.06.28"]
[SourceQuality "1"]

1. e4 d6 2. d4 Nf6 3. Nc3 Nbd7 4. g3 e5 5. Nge2 Be7 6. Bg2 0-0 7. h3 c6 8. a4 Re8 9. g4 h6 10. 0-0 a5 11. b3 Qc7 12. f4 exd4 13. Nxd4 d5 14. g5 hxg5 15. fxg5 Nxe4 16. Nxe4 dxe4 17. Rxf7 Kxf7 18. Qh5+ Kg8 19. Qxe8+ Nf8 20. Bb2 Bxh3 21. Qh5 Bxg2 22. Kxg2 Qe5 23. Nxc6 Qxg5+ 1/2-1/2

[Event "Deltalift op"]
[Site "Tylosand"]
[Date "2018.05.11"]
[Round "5"]
[White "Lindh, Fredrik"]
[Black "Holst, Conny"]
[Result "0-1"]
[WhiteElo "2296"]
[BlackElo "2087"]
[PlyCount "76"]
[EventDate "2018.05.10"]
[EventType "swiss"]
[EventRounds "8"]
[EventCountry "SWE"]
[SourceTitle "CBM 184 Extra"]
[Source "ChessBase"]
[SourceDate "2018.06.28"]
[SourceVersion "1"]
[SourceVersionDate "2018.06.28"]
[SourceQuality "1"]

1. e4 c5 2. Nf3 d6 3. d4 cxd4 4. Nxd4 Nf6 5. Nc3 a6 6. Be3 e5 7. Nb3 Be6 8. Be2 Nbd7 9. 0-0 Qc7 10. Nd5 Bxd5 11. exd5 Be7 12. c4 b6 13. Rc1 0-0 14. Na1 Ne8 15. Nc2 a5 16. Na3 f5 17. f3 Qd8 18. Qd2 f4 19. Bf2 Bh4 20. Bd3 Bxf2+ 21. Qxf2 Nc5 22. Bc2 Ra7 23. Nb5 Raf7 24. a3 a4 25. Nc3 Ra7 26. Rce1 g5 27. g4 fxg3 28. hxg3 g4 29. Qe3 gxf3 30. Rxf3 Rxf3 31. Qxf3 Rf7 32. Qe3 Nf6 33. Bf5 Nh5 34. Bg4 Nf4 35. gxf4 Qh4 36. Bh3 exf4 37. Qe8+ Rf8 38. Be6+ Kg7 0-1

[Event "Malmo op"]
[Site "Malmo"]
[Date "2017.12.16"]
[Round "4"]
[White "Holst, Conny"]
[Black "Burwick, Malte"]
[Result "1/2-1/2"]
[WhiteElo "2153"]
[BlackElo "2248"]
[PlyCount "82"]
[EventDate "2017.12.15"]
[EventType "swiss"]
[EventRounds "8"]
[EventCountry "SWE"]
[SourceTitle "CBM 182 Extra"]
[Source "ChessBase"]
[SourceDate "2018.02.23"]
[SourceVersion "1"]
[SourceVersionDate "2018.02.23"]
[SourceQuality "1"]

1. d4 d6 2. Nf3 g6 3. c4 Bg7 4. Nc3 Nf6 5. e4 0-0 6. Be2 Qe8 7. 0-0 e5 8. d5 Nh5 9. Ne1 Nf4 10. Nd3 Nxe2+ 11. Qxe2 f5 12. f3 f4 13. g4 h5 14. h3 Bf6 15. Bd2 Bh4 16. Be1 Qe7 17. Kg2 Rf7 18. Bxh4 Qxh4 19. Qf2 Qe7 20. c5 Nd7 21. cxd6 cxd6 22. Nb5 hxg4 23. hxg4 Nf6 24. Rac1 Bxg4 25. Rc7 Qd8 26. Rxf7 Kxf7 27. fxg4 Nxg4 28. Qf3 Qg5 29. Qh3 Rh8 30. Nxd6+ Ke7 31. Qxh8 Ne3+ 32. Kf2 Qg2+ 33. Ke1 Nc2+ 34. Kd1 Ne3+ 35. Ke1 Qxf1+ 36. Kd2 Qd1+ 37. Kc3 Qc2+ 38. Kb4 Qd2+ 39. Ka4 Qc2+ 40. Kb4 Qd2+ 41. Ka4 Qc2+ 1/2-1/2

[Event "WchT Seniors 50"]
[Site "Radebeul"]
[Date "2016.07.01"]
[Round "6.19"]
[White "Holst, Conny"]
[Black "Battsengel, Shirchin"]
[Result "1-0"]
[WhiteElo "2148"]
[BlackElo "1956"]
[PlyCount "55"]
[EventDate "2016.06.26"]
[EventType "team-swiss"]
[EventRounds "9"]
[EventCountry "GER"]
[SourceTitle "CBM 173 Extra"]
[Source "ChessBase"]
[SourceDate "2016.08.29"]
[SourceVersion "1"]
[SourceVersionDate "2016.08.29"]
[SourceQuality "1"]
[WhiteTeam "Sweden"]
[BlackTeam "Mongolia (Women)"]
[WhiteTeamCountry "SWE"]
[BlackTeamCountry "MGL"]

1. d4 Nf6 2. c4 e6 3. Nc3 Bb4 4. e3 c5 5. Bd3 Nc6 6. Nge2 0-0 7. 0-0 d5 8. cxd5 exd5 9. a3 Bxc3 10. bxc3 c4 11. Bc2 b5 12. f3 Re8 13. Ng3 a5 14. e4 Qb6 15. Kh1 dxe4 16. fxe4 Bg4 17. Qd2 Nh5 18. Nf5 Bxf5 19. Rxf5 g6 20. Rxh5 gxh5 21. Qg5+ Kf8 22. Qh6+ Kg8 23. e5 f5 24. Bxf5 Ra7 25. Be6+ Rxe6 26. Qxe6+ Rf7 27. Bh6 Qc7 28. Qe8+ 1-0

[Event "WchT Seniors 50"]
[Site "Radebeul"]
[Date "2016.06.28"]
[Round "3.2"]
[White "Skibbe, Diana"]
[Black "Holst, Conny"]
[Result "1/2-1/2"]
[WhiteElo "2071"]
[BlackElo "2148"]
[PlyCount "108"]
[EventDate "2016.06.26"]
[EventType "team-swiss"]
[EventRounds "9"]
[EventCountry "GER"]
[SourceTitle "CBM 173 Extra"]
[Source "ChessBase"]
[SourceDate "2016.08.29"]
[SourceVersion "1"]
[SourceVersionDate "2016.08.29"]
[SourceQuality "1"]
[WhiteTeam "Germany (Women) II"]
[BlackTeam "Sweden"]
[WhiteTeamCountry "GER"]
[BlackTeamCountry "SWE"]

1. e4 c5 2. Nf3 d6 3. d4 cxd4 4. Nxd4 Nf6 5. Nc3 a6 6. Bg5 e6 7. f4 Nc6 8. e5 h6 9. Nxc6 bxc6 10. Bh4 dxe5 11. Qxd8+ Kxd8 12. fxe5 g5 13. Bg3 Nd5 14. 0-0-0 Bc5 15. Ne4 Be3+ 16. Kb1 Ke7 17. c4 Nf4 18. h4 c5 19. hxg5 Bb7 20. Nd6 Bc6 21. gxh6 Ng6 22. Bd3 Rxh6 23. Rxh6 Bxh6 24. Rf1 Rf8 25. Rf6 Bg5 26. Bxg6 Bxf6 27. exf6+ Kxf6 28. Be4 Bxe4+ 29. Nxe4+ Kf5 30. Nxc5 Rg8 31. Bd6 Rxg2 32. Nxa6 e5 33. c5 e4 34. c6 e3 35. c7 Rg8 36. Kc2 Ke4 37. Bg3 f5 38. b4 f4 39. Nc5+ Kf3 40. Bxf4 Kxf4 41. b5 Ke5 42. b6 e2 43. b7 e1Q 44. Nd3+ Kd6 45. c8N+ Kc7 46. Nxe1 Kxb7 47. Nd6+ Kc6 48. Nf5 Ra8 49. Kb2 Kd5 50. Ne3+ Ke4 51. N3c2 Kd5 52. Na3 Kc5 53. Nec2 Rb8+ 54. Kc3 Ra8 1/2-1/2

[Event "WchT Seniors 50"]
[Site "Radebeul"]
[Date "2016.06.27"]
[Round "2.2"]
[White "Holst, Conny"]
[Black "Bartsch, Berthold"]
[Result "1-0"]
[WhiteElo "2148"]
[BlackElo "2270"]
[PlyCount "53"]
[EventDate "2016.06.26"]
[EventType "team-swiss"]
[EventRounds "9"]
[EventCountry "GER"]
[SourceTitle "CBM 173 Extra"]
[Source "ChessBase"]
[SourceDate "2016.08.29"]
[SourceVersion "1"]
[SourceVersionDate "2016.08.29"]
[SourceQuality "1"]
[WhiteTeam "Sweden"]
[BlackTeam "Forchheim"]
[WhiteTeamCountry "SWE"]
[BlackTeamCountry "GER"]

1. d4 Nf6 2. c4 e5 3. dxe5 Ng4 4. Bf4 Bb4+ 5. Nd2 Nc6 6. Ngf3 Qe7 7. e3 Ngxe5 8. Nxe5 Nxe5 9. Be2 b6 10. 0-0 Bxd2 11. Qxd2 Bb7 12. Rac1 d6 13. b4 0-0 14. c5 dxc5 15. bxc5 Rfe8 16. Qc3 Bd5 17. Rfd1 c6 18. a4 Nd7 19. cxb6 axb6 20. Bc4 Be4 21. f3 Bg6 22. Rd6 Nb8 23. Qd4 Qa7 24. Rd8 Qe7 25. Rd1 Na6 26. Rxe8+ Qxe8 27. Qxb6 1-0

[Event "Deltalift op"]
[Site "Tylosand"]
[Date "2016.05.05"]
[Round "4"]
[White "Hector, Jonny"]
[Black "Holst, Conny"]
[Result "1-0"]
[WhiteElo "2512"]
[BlackElo "2160"]
[PlyCount "81"]
[EventDate "2016.05.05"]
[EventType "swiss"]
[EventRounds "8"]
[EventCountry "SWE"]
[SourceTitle "CBM 172 Extra"]
[Source "ChessBase"]
[SourceDate "2016.06.21"]
[SourceVersion "1"]
[SourceVersionDate "2016.06.21"]
[SourceQuality "1"]

1. e4 c5 2. Nf3 d6 3. d4 cxd4 4. Nxd4 Nf6 5. Nc3 Nc6 6. f4 e6 7. Nf3 Qc7 8. Bd3 a6 9. 0-0 Be7 10. Qe1 0-0 11. e5 Nd7 12. exd6 Qxd6 13. Ne4 Qd5 14. Bd2 Nc5 15. Nxc5 Qxc5+ 16. Be3 Qb4 17. Qf2 Qxb2 18. Rab1 Qa3 19. Nd2 Nb4 20. Be4 f5 21. Bf3 Nxc2 22. Bb6 Bd7 23. Nc4 Qxa2 24. Ne5 Bb5 25. Rfd1 Rac8 26. Bxb7 Qa4 27. Bxc8 Rxc8 28. Qf3 Qe4 29. Qb3 Bc4 30. Nxc4 Rxc4 31. Rbc1 Rb4 32. Qxc2 Rxb6 33. Qxe4 fxe4 34. Rd7 Kf8 35. Rc8+ Kf7 36. Rcc7 e3 37. Rxe7+ Kf6 38. Kf1 Kf5 39. Ke2 Kxf4 40. Rc4+ Kf5 41. Rxg7 1-0

[Event "Deltalift op"]
[Site "Tylosand"]
[Date "2016.05.05"]
[Round "3"]
[White "Holst, Conny"]
[Black "Karlsson, Lars"]
[Result "1-0"]
[WhiteElo "2160"]
[BlackElo "2441"]
[PlyCount "71"]
[EventDate "2016.05.05"]
[EventType "swiss"]
[EventRounds "8"]
[EventCountry "SWE"]
[SourceTitle "CBM 172 Extra"]
[Source "ChessBase"]
[SourceDate "2016.06.21"]
[SourceVersion "1"]
[SourceVersionDate "2016.06.21"]
[SourceQuality "1"]

1. d4 g6 2. c4 Bg7 3. Nc3 d6 4. Nf3 Bg4 5. e3 Nf6 6. Be2 0-0 7. 0-0 Nc6 8. d5 Nb8 9. h3 Bd7 10. e4 e5 11. Ne1 c6 12. Be3 Na6 13. Nd3 Rc8 14. Qb3 Qa5 15. Bxa7 b5 16. dxc6 bxc4 17. Bb6 cxb3 18. Bxa5 Bxc6 19. f3 Nh5 20. axb3 Ng3 21. Rfd1 f5 22. Nf2 Nxe2+ 23. Nxe2 Nc5 24. Rxd6 fxe4 25. Nxe4 Bxe4 26. fxe4 Nxe4 27. Rd7 Rc2 28. Nc3 Nc5 29. Rxg7+ Kxg7 30. Bb4 Rc8 31. Ra7+ Kh6 32. Ra5 Nd3 33. Be7 Rxb2 34. Ne4 Nf4 35. Bg5+ Kg7 36. Ra7+ 1-0